000 00475nam a2200169Ia 4500
008 241217s9999||||xx |||||||||||||| ||und||
020 _a9780130822185
_c81
040 _beng
_cSSK Library
_erda
082 _a658.15/BAS
100 _a David F. Scott & Et Al. -
245 0 _aBasic Financial Management
250 _a8th ed
260 _b Prentice-Hall International, Inc.
_c©1999
942 _2Dewey Decimal Classification
_cBOOK
_nNo
999 _c25779
_d25779
003 OSt
005 20241217112958.0